00851nam a22001817a 4500003000800000008004100008037002000049040003500069041000800104080001000112100003200122245014700154260008600301300002300387502014900410650008700559655002300646BI-BuBU260408b2025 bd fr|||| 000 0 fre d bDon de l'auteur aBI-BuBUbfrecBI-BuBUdBI-BuBU0 afre a681.31 4aut.aNdayitazire, Emmanuel10aMise en place d'une application web de gestion des pannes de distribution d'eau et d'électricitébcas de la REGIDESOcEmmanuel Ndayitazire aBujumburabUniversité du Burundi, Faculté des Sciences de l'Ingénieurc2025 aXIII-67 f.c30 cm. aMémoire présenté à la Faculté des Sciences et de l'Ingénieur (FSI) en vue de l'obtention du grade de master en Génie Informatique. 72BI-BuBUaGestion des pannesxDistribution eau et électricité zApplication web 72BI-BuBUaMémoire